LEADER 00649nam a2200205 i 4500 001 000000247939 003 CaOOAMICUS 005 20160215000000.0 008 160215s1982 it u000 u ita u 013 $a226844 040 $aSeMil$bita 245 10$a2. 300 $aP. 446-848. 490 0 $aOrientamenti dello scautismo 773 0 $tPiste.$dMilano : Àncora, 1982.$w()33015 830 0$aOrientamenti dello scautismo.$0(OLS)http://semarc/title/13439 850 $aSeMil 852 $aSeMil$W1$xVenegono$y1$m3E I 351$j198285$B198285$CSeMilBibl$Z2$F210284 $81 961 $aLascito: Calori don Carlo 996 $6245$a2$9(OLS)http://semarc/title/46889 LEADER 01128nam a2200265 i 4500 001 000000160767 003 CaOOAMICUS 005 20070412000000.0 008 070412s1999 it u000 u ita u 013 $a138130 040 $aSeMil$bita 100 1 $aLettieri, Gaetano <1961- >.$0(OLS)http://semarc/name/90366 245 10$aAgostino d'Ippona /$cInvito alla lettura di Gaetano Lettieri. 250 $aEd. speciale. 260 $aCinisello Balsamo :$bSan Paolo,$cCopyr. 1999. 300 $a95 p. ;$c20 cm. 490 0 $aRadici cristiane d'Europa ;$v1 500 $aContiene : Nota bibliografica. - Supplemento n. 1 a Famiglia Cristiana n. 39 del 26 settembre 2004. 600 04$aAgostino, Aurelio .$0(OLS)http://semarc/subject/1856 830 0$aRadici cristiane d'Europa ;$v1.$0(OLS)http://semarc/title/23248 850 $aSeMil 852 $aSeMil$W1$xVenegono$y1$m3N VI 460/1$j112220$B112220$CSeMilBibl$Z2$F122407 $81 961 $aOmaggio: Altro 996 $6245$aAgostino d'Ippona$9(OLS)http://semarc/title/143590 996 $6260$aCinisello Balsamo :$bSan Paolo$9(OLS)http://semarc/publisher/30129